DesignThinking (Record no. 213435)

MARC details
000 -LEADER
fixed length control field 00767nam a22002297a 4500
005 - DATE AND TIME OF LATEST TRANSACTION
control field 20250912155247.0
010 ## - LCCN (DPL NO)
LC control number ENG-146846
020 ## - INTERNATIONAL STANDARD BOOK NUMBER
International Standard Book Number 9788197424922
035 ## - SYSTEM CONTROL NUMBER
System control number EN-130378
037 ## - SOURCE OF ACQUISITION
Source of stock number/acquisition DBAD
082 ## - DEWEY DECIMAL CLASSIFICATION NUMBER
Classification number 621.39
100 ## - MAIN ENTRY--PERSONAL NAME
Personal name Subramanian, Chandramouli
245 ## - TITLE STATEMENT
Title DesignThinking
Remainder of title A Hands on Approach/
Statement of responsibility, etc Chandramouli Subramanian; Thiyagarajan Paramasivan; Sankaran Venkataramani
250 ## - EDITION STATEMENT
Edition statement 1
260 ## - PUBLICATION, DISTRIBUTION, ETC. (IMPRINT)
Place of publication, distribution, etc Telangana
Name of publisher, distributor, etc Universities Press India Private Limited
270 ## - ADDRESS
Address 3-6-747/1/A & 3-6-754/1, Himayatnagar, Hyderabad
City Telangana
Postal code 500029
300 ## - PHYSICAL DESCRIPTION
Extent 416p.
Dimensions 24(pbk)
700 ## - ADDED ENTRY--PERSONAL NAME
Personal name Paramasivan Thiyagarajan
9 (RLIN) 85055
700 ## - ADDED ENTRY--PERSONAL NAME
Personal name Venkataramani Sankaran
9 (RLIN) 85056
760 ## - MAIN SERIES ENTRY
Edition 1
942 ## - ADDED ENTRY ELEMENTS (KOHA)
Source of classification or shelving scheme Dewey Decimal Classification
Item type English Books
Classification part 621.39
Call number suffix SUB
Edition 1

No items available.


© Delhi Public Library
Hit Counter
free hit counter